000 00342 a2200157 4500
001 164739
020 _a
040 _cMagnum
100 _aGonzalez, Neide T. Maia
240 1 0 _aContos de animais fantasticos
_lpor
245 1 0 _aContos de animais fantasticos
362 0 _a1899
440 1 _aÁtica
697 _aIJ/GERAL
942 _cBK
999 _c164739
_d164739